1574 1632 1657 1602 1559 1558 1440 1409 1796 1902 1257 1700 1618 1472 1426 1973 1090 1811 1601 1169 1058 1604 1793 1435 1523 1370 1135 1530 1945 1667 1028 1371 1243 1866 1593 1004 1763 1150 1621 1144 1923 1923 1585 1812 1455 1900 1117 1601 1452 1204 1502 1697 1817 1821 1434 1581 1479 1414 1958 1594 1705 1896 1764 1182 1964 1261 1596 1731 1806 1851 1516 1596 1937 1059 1236 1306 1147 1764 1698 1127 1333 1128 1347 1342 1411 1392 1625 1923 1999 1455 1636 1176 1962 1695 1887 1322 1210 1148 1310 BCNSPRNW ULIB Ver.6.0+V

เปลี่ยนเป็นภาษาไทย

Change to English
 แสดงรายละเอียดบรรณานุกรม
  กลับหน้าหลัก

Brief Record : Get Marc (ISO 2709) : E-mail record : QR code < ปิดหน้าต่าง
LEADER : 00000nam 2200000uu 4500
001    13399121538
003     ULIB
008    121122s2553||||th 000 0 tha d
020    ^a9786165070126
060 04 ^aWZ40^bธ647ป
100 0  ^aธีรวัฒน์ บูระวัฒน์
245 10 ^aประวัติศาสตร์ทางการแพทย์ :^bตอนการค้นพบที่ยิ่งใหญ่ /^cเรียบเรียงโดย ธีรวัฒน์ บูระวัฒน์
250    ^aพิมพ์ครั้งที่ 1
260    ^aกรุงเทพฯ :^bหมอชาวบ้าน,^c2553
300    ^a(12), 250 หน้า :^bภาพประกอบ ;^c25 ซม.
650  7 ^aการแพทย์^xประวัติ
650  7 ^aประวัติการแพทย์
945    ^p170^l0^i16978
945    ^p170^l0^i16979
995    ^aวิภา
999 ^a ใช้งานได้ทุกระบบ
รายการนี้ยังไม่มีแท็ก
คุณยังไม่ได้ล็อกอิน คุณสามารถมีกิจกรรมร่วมกับเว็บไซต์ได้ แต่ต้องล็อกอินก่อน ::
  ล็อกอิน

รายการสื่อสารสนเทศ

ลำดับที่ ประเภท เลขเรียก/บาร์โค้ด สถานที่ สถานะ
1. วิทยาศาสตร์การแพทย์ และสุขภาพ
วิทยาศาสตร์การแพทย์ และสุขภาพ
WZ40 ธ647ป  
  Barcode: 16978
ห้องสมุดวิทยาเขตนครสวรรค์
►ส่วนจัดเก็บหนังสือเก่า นว.
บนชั้น
  ขอยืม
2. วิทยาศาสตร์การแพทย์ และสุขภาพ
วิทยาศาสตร์การแพทย์ และสุขภาพ
WZ40 ธ647ป ฉ.2 
  Barcode: 16979
ห้องสมุดวิทยาเขตนครสวรรค์
►ส่วนจัดเก็บหนังสือเก่า นว.
บนชั้น
  ขอยืม

รายการใกล้เคียง
    ผู้แต่ง [ธีรวัฒน์ บูระวัฒน์]

    หัวเรื่อง [ประวัติการแพทย์]

BibComment


ยังไม่เคยถูกคอมเมนท์

คอมเมนท์ทรัพยากรรายการนี้
  คอมเมนท์: ประวัติศาสตร์ทาง..


 Copyright 2026. Bcnsprnw @Library